| 000 | 00945nam a2200241Ia 4500 | ||
|---|---|---|---|
| 008 | 240619s9999 xx 000 0 und d | ||
| 020 | _a978-99973-1-742-1 | ||
| 035 | _a7315 | ||
| 040 |
_aGS0142000 _bmon _cMN-UlNLM _dMN-UlNLM _erda |
||
| 041 | _amon | ||
| 042 | _a12507 | ||
| 084 |
_2NNA _a84.4фр _bА-94 |
||
| 100 | _aАшард М. | ||
| 245 | 0 | _aЦөөхүүл ч гэсэн бидний индианчууд | |
| 264 |
_aУлаанбаатар _bМон судар ХХК _c2019 |
||
| 300 | _a148х. | ||
| 336 |
_2rdacontent _atext _btxt |
||
| 337 |
_2rdamedia _aunmediated _bn |
||
| 338 |
_2rdacarrier _avolume _bnc |
||
| 650 | _aХүүхдийн шилдэг зохиол. Зохиолд Лалли хэмээх индиан охинд тохиолдсон хөгтэй, хөгжилтэй, уйтай олон олон адал явдлууд хөвөрдөг. Т... | ||
| 942 |
_2NNA _cBK |
||
| 999 |
_c901960 _d902017 |
||